书目信息 |
| 题名: |
俄语语义-句法集成描写模式
|
|
| 作者: | 彭玉海 著 | |
| 分册: | ||
| 出版信息: | 哈尔滨 黑龙江人民出版社 2008.12 |
|
| 页数: | 492页 | |
| 开本: | 21cm | |
| 丛书名: | 教育部人文社会科学百所重点研究基地 黑龙江大学俄语语言文学研究中心学术丛书 | |
| 单 册: | ||
| 中图分类: | H354 | |
| 科图分类: | ||
| 主题词: | 俄语--e yu--语法 | |
| 电子资源: | ||
| ISBN: | 978-7-207-08018-9 | |
| 000 | 01583nam 2200289 450 | |
| 001 | 012009516509 | |
| 005 | 20090623101333.59 | |
| 010 | @a978-7-207-08018-9@dCNY32.00 | |
| 100 | @a20090623d2008 em y0chiy0120 ea | |
| 101 | 0 | @achi@arus |
| 102 | @aCN@b230000 | |
| 105 | @ay a 000yy | |
| 106 | @ar | |
| 200 | 1 | @a俄语语义-句法集成描写模式@Ae yu yu yi-ju fa ji cheng miao xie mo shi@d= Semantico-syntax intergral descriptions of the russian language@f彭玉海@Fpeng yu hai@zeng |
| 210 | @a哈尔滨@c黑龙江人民出版社@d2008.12 | |
| 215 | @a492页@d21cm | |
| 225 | 2 | @a教育部人文社会科学百所重点研究基地 黑龙江大学俄语语言文学研究中心学术丛书@Ajiao yu bu ren wen she hui ke xue bai suo zhong dian yan jiu ji di hei long jiang da xue e yu yu yan wen xue yan jiu zhong xin xue shu cong shu |
| 300 | @a首批黑龙江省普通高校“新世纪优秀人才培养计划”基金项目 | |
| 320 | @a有书目 (第475-492页) | |
| 330 | @a语言的集成描写是当今语言理论研究的一个重要趋势,它本身涵括的内容极为丰富,包括与语言单位语义相制衡的词法、句法、搭配、超音质特征、交际结构角色乃至语用、修辞、认知等在内的语义、形式特征以及相关的同义词、反义词、转换词、派生词、语义衍生词等内容,涉及区分同义、排除多义、消解歧义等。本书以动词语义分析为切入点,就相关问题的研究作了尝试。 | |
| 410 | 0 | @12001 @a教育部人文社会科学百所重点研究基地 黑龙江大学俄语语言文学研究中心学术丛书 |
| 510 | 1 | @aSemantico-syntax intergral descriptions of the russian language@zeng |
| 606 | 0 | @a俄语@Ae yu@x语法 |
| 690 | @aH354@v4 | |
| 701 | 0 | @a彭玉海@Apeng yu hai@4著 |
| 801 | 0 | @aCN@bQSSK@c20090623 |
| 905 | @b747303-05@dH354@eP582@f3 | |
| 俄语语义-句法集成描写模式= Semantico-syntax intergral descriptions of the russian language/彭玉海.-哈尔滨:黑龙江人民出版社,2008.12 |
| 492页;21cm.-(教育部人文社会科学百所重点研究基地 黑龙江大学俄语语言文学研究中心学术丛书) |
| 首批黑龙江省普通高校“新世纪优秀人才培养计划”基金项目 |
| ISBN 978-7-207-08018-9:CNY32.00 |
| 语言的集成描写是当今语言理论研究的一个重要趋势,它本身涵括的内容极为丰富,包括与语言单位语义相制衡的词法、句法、搭配、超音质特征、交际结构角色乃至语用、修辞、认知等在内的语义、形式特征以及相关的同义词、反义词、转换词、派生词、语义衍生词等内容,涉及区分同义、排除多义、消解歧义等。本书以动词语义分析为切入点,就相关问题的研究作了尝试。 |
| ● |
| 相关链接 |
|
|
|
正题名:俄语语义-句法集成描写模式
索取号:H354/P582
 
预约/预借
| 序号 | 登录号 | 条形码 | 馆藏地/架位号 | 状态 | 备注 |
| 1 | 747303 | 207473036 | 语言库209/209语言库 122排1列3层/ [索取号:H354/P582] | 在馆 | |
| 2 | 747304 | 207473045 | 语言库209/209语言库 122排1列3层/ [索取号:H354/P582] | 在馆 | |
| 3 | 747305 | 207473054 | 语言库209/209语言库 122排1列3层/ [索取号:H354/P582] | 在馆 |